| 000 | 00857nam a22002177a 4500 | ||
|---|---|---|---|
| 003 | OSt | ||
| 005 | 20260328162328.0 | ||
| 008 | 240817b ||||| |||| 00| 0 eng d | ||
| 040 | _c0 | ||
| 082 | _aDPer 510.5 Am351 February - April 2019 v. 141 n. 1-2 | ||
| 100 |
_aBrendle, Simon. _eauthor. _958118 |
||
| 245 |
_aA sharp inscribed radius estimate for fully nonlinear flows / _cSimon Brendle and Pei-Ken Hung. |
||
| 260 |
_aBaltimore, Maryland U.S. : _bJohns Hopkins University Press , _cFebruary 2019. |
||
| 300 |
_aVolume 141, pages 41-54 : _billustration ; _c26 cm. |
||
| 500 | _aAmerican Journal of Mathematics, vol. 141, no. 1, pages 41-54, February 2019. | ||
| 650 | 0 |
_aMathematics. _91041 |
|
| 650 | 0 |
_aMathematical analysis _915001 |
|
| 700 |
_aBrendle, Simon. _eauthor. _958118 |
||
| 700 |
_aHung, Pei-Ken. _eauthor. _958119 |
||
| 942 |
_2ddc _cPER |
||
| 999 |
_c20585 _d20585 |
||